| 000 | 00000nam 2200000za 4500 |
| 001 | 9.850415 |
| 003 | CaOODSP |
| 005 | 20241105150745 |
| 007 | cr ||||||||||| |
| 008 | 180122s2018 qucao o f000 0 fre d |
| 020 | |a978-0-660-24627-7 |
| 040 | |aCaOODSP|bfre |
| 043 | |an-cn--- |
| 086 | 1 |aIu71-4/47-2018F-PDF |
| 245 | 00|aFeuille de route de la PI |h[ressource électronique] : |bla marche à suivre pour obtenir votre brevet. |
| 246 | 10|aMarche à suivre pour obtenir votre brevet |
| 250 | |a[Édition de 2018]. |
| 260 | |a[Gatineau, Qué.?] : |bInnovation, Sciences et Développement économique Canada, Office de la propriété intellectuelle du Canada, |c[c2018?] |
| 300 | |a[1] p. : |bill., photographies |
| 500 | |aTitre de départ. |
| 500 | |aPubl. aussi en anglais sous le titre : IP roadmap : your path to patent grant. |
| 520 | |a« Vous pouvez entamer le processus en déposant votre demande auprès de l’Office de la propriété intellectuelle du Canada (OPIC). Ne divulguez pas publiquement votre invention avant le dépôt! » -- p. [1]. |
| 530 | |aÉgalement publié en version imprimée. |
| 692 | 07|2gccst|aPropriété intellectuelle |
| 692 | 07|2gccst|aBrevet |
| 692 | 07|2gccst|aCarte routière |
| 710 | 2 |aOffice de la propriété intellectuelle du Canada. |
| 775 | 08|tIP roadmap |w(CaOODSP)9.850414 |
| 776 | 0#|tFeuille de route de la PI : |w(CaOODSP)9.850424 |
| 794 | |tFeuille de route de la PI : |b[Édition de 2020]|w(CaOODSP)9.888118 |
| 856 | 40|qPDF|s95 Ko|uhttps://publications.gc.ca/collections/collection_2018/opic-cipo/Iu71-4-47-2018-fra.pdf |